00560nam a2200181 a 4500003000400000005001700004008004100021020001800062050003300080100001900113245006400132260008600196300002000282500002100302650002500323650002100348700000900369LC 20160611081104.0050216s19uu xx 00 eng d a9780871209689 aLB 1050.42 .C45 2004 b12594 aCalhoun, Emily aUsing data to assess your reading program /cEmily Calhoun. aAlexandria, Va :bAssociation for Supervision and Curriculum Development,cc2004. a230 p.c21 cm.  aIncludes CD-ROM. aReadingxEvaluation. aAction research. aASCD